Bí mật gia đình Lâm Bưu Hồi ký
v.v...
Đã lưu trong:
| Tác giả chính: | |
|---|---|
| Định dạng: | Sách |
| Năm xuất bản: |
Tp. Hồ Chí Minh
Văn nghệ
1997
|
| Chủ đề: | |
| Tags: |
Thêm thẻ
Không có thẻ, Hãy là người đầu tiên gắn thẻ bản ghi này!
|
| LEADER | 00800nam a2200181 4500 | ||
|---|---|---|---|
| 082 | |a 895.1 |b TR561V | ||
| 100 | |a Trương Vân Sinh | ||
| 245 | |a Bí mật gia đình Lâm Bưu |c Trương Vân Sinh; Nguyễn Văn Âu dịch; Cao Việt Chính hiệu đính |b Hồi ký | ||
| 260 | |a Tp. Hồ Chí Minh |b Văn nghệ |c 1997 | ||
| 300 | |a 485 tr. |c 22 cm. | ||
| 520 | |a v.v... | ||
| 653 | |a Văn học hiện đại | ||
| 653 | |a Trung Quốc | ||
| 653 | |a Hồi ký | ||
| 942 | |2 ddc |c STK0 | ||
| 999 | |c 4600 |d 4600 | ||
| 952 | |0 0 |1 0 |2 ddc |4 0 |6 895_100000000000000_TR561V |7 0 |8 800 |9 44226 |a qbu |b qbu |c D5 |d 2014-12-19 |g 50000 |o 895.1 TR561V |p 683.c1 |r 0000-00-00 |w 2014-12-19 |y STK0 | ||
| 952 | |0 0 |1 0 |2 ddc |4 0 |6 895_100000000000000_TR561V |7 0 |8 800 |9 44227 |a qbu |b qbu |c D5 |d 2014-12-19 |g 50000 |o 895.1 TR561V |p 683.c2 |r 0000-00-00 |w 2014-12-19 |y STK0 | ||